Paroles - Dernière danse - Indila - Statistiques

Statistiques générales
  • Ce quiz a été pris 2 126 fois
  • Le résultat moyen est 219 sur 271
Statistiques - réponses
Réponse % Correct
dans
96%
Dans
96%
ma
96%
je
95%
Je
95%
le
95%
de
94%
danse
93%
et
93%
Et
93%
Ô
93%
un
93%
la
92%
douce
91%
souffrance
91%
peu
90%
nuit
89%
tout
89%
jour
87%
pluie
87%
avec
86%
ciel
86%
j'ai
85%
pour
85%
vent
85%
d'amour
84%
miel
84%
cours
83%
douleur
83%
Paris
83%
peur
83%
brin
82%
remue
82%
dernière
81%
suis
80%
bruit
79%
m'abandonne
79%
sans
79%
ne
77%
pourquoi
77%
une
77%
vole
77%
m'envole
74%
métro
74%
qu'un
74%
tu
74%
immense
73%
seule
73%
est
72%
importance
72%
mon
72%
peine
72%
être
71%
que
71%
Que
71%
vie
71%
déambule
70%
ce
69%
oublier
66%
lui
65%
tour ?
63%
en
61%
est-ce
60%
s'acharner ?
60%
"paro"
59%
veux
59%
toi
58%
n'est
57%
r'commence
54%
sens
54%
comme
53%
qui
53%
cette
52%
m'enfuir
52%
d'espérance
49%
vide
49%
coeur
48%
revient
48%
Revient
48%
du
47%
ton
47%
absence
46%
beau
44%
decor
43%
les
43%
monde
43%
enfant
42%
Sur
41%
brille
40%
chemin
39%
toutes
36%
r'commences
34%
trimer
34%
payé
33%
dont
32%
offenses
29%
écoute
27%
Aucun quiz correspondant
Distribution des résultats
% des personnes avec chaque résultat
Percentile par nombre de réponses
Votre historique - résultats
Vous n’avez pas pris ce quiz